00525nam a2200121Ia 450000500170000000800410001708200130005810000190007124500400009026000420013030000190017250002120019120241213031050.0240331s9999 xx 000 0 und d bHSUa951 aHsueh-Chin, T  2aA dream of red mansions :bVolume I aPekingbForeign Languages pressc1978 axiv, 599 p ., aA Dream of red Mansions the great classical chinese novel written in the mid-eighteenth century during the reign of Emperor Chien-lung of the ching Dynasty, has been widely popular throughout the last two hu